00414nam a2200145Ia 4500008004100000020001500041041000800056082001900064100002100083245008800104250000600192260003800198300001800236650001400254210716s1996 xx 000 0 und d a8170295661 aeng a005.26301 AITP aAitken, Peter G. aMicrosoft office for windows 95: the point and click guide.bPoint and click guide. a1 aNew DelhibBPB Publicationsc1996 axxxviii,408,8 aMS Office